| 000 | 01311nam a22002537a 4500 | ||
|---|---|---|---|
| 001 | 121357 | ||
| 008 | 230206s2020 xxk|||||o|||| 00| 0 eng d | ||
| 041 | _aeng | ||
| 110 | _aRoyal Institution of Chartered Surveyors | ||
| 245 |
_aBeyond COVID-19: Physical inspections for residential properties during COVID-19 _c[Wales] _h[Electronic resource] _b[withdrawn] |
||
| 250 | _aversion 4 | ||
| 260 |
_aLondon, _bRoyal Institution of Chartered Surveyors, _cAugust 2021 |
||
| 300 | _a10p. | ||
| 520 | _aThe purpose of this guidance is to enable RICS professionals and RICS regulated firms to deliver services to clients safely, consistently and in line with Welsh government guidelines. | ||
| 520 | _aAll legal restrictions on Covid in the UK were lifted in March 2022 but advice was still to be sensible and follow good medical advice/common sense. RICS withdrew Covid guides at the same time. | ||
| 650 | _aCOVID | ||
| 651 | _aWales | ||
| 690 |
_96225 _aBuilding surveying |
||
| 690 |
_96266 _aResidential property |
||
| 690 |
_96244 _aHealth and safety |
||
| 710 | _aRoyal Institution of Chartered Surveyors | ||
| 856 |
_uhttps://www.rics.org/profession-standards/knowledge-and-information-services/document-delivery-and-other-kis-fees _zTo request a copy please email [email protected] |
||
| 942 | _n0 | ||
| 999 |
_c121357 _d121357 |
||